| 000 | 00660nam a2200193 i 4500 | ||
|---|---|---|---|
| 001 | 42936 | ||
| 003 | ES-MaACL | ||
| 005 | 20250704063108.0 | ||
| 007 | t| | ||
| 008 | 030314s1878 sp ||||1| spa d | ||
| 100 | 1 |
_aCastro, Fernando de, _d1814-1874 _9150497 |
|
| 245 | 1 | 0 |
_aResúmen de historia de España / _cpor Fernando de Castro ; duodécima edición aumentada con la edad antigua por Manuel Sales y Ferré. |
| 260 |
_a[Sevilla : _bs.n., _c1878] ( _fSalvador Acuña) |
||
| 300 |
_a271 p. ; _c20 cm. |
||
| 651 | 4 |
_aEspaña- _xHistoria. _98209 |
|
| 700 | 1 |
_aSales Ferré, Manuel. _9101880 |
|
| 852 |
_aES-MaACL _jC-3293 |
||
| 999 |
_c42936 _d42936 |
||